<?xml version="1.0" encoding="UTF-8"?>
<record
    xmlns:xsi="http://www.w3.org/2001/XMLSchema-instance"
    xsi:schemaLocation="http://www.loc.gov/MARC21/slim http://www.loc.gov/standards/marcxml/schema/MARC21slim.xsd"
    xmlns="http://www.loc.gov/MARC21/slim">

  <leader>00600nam a22001577a 4500</leader>
  <datafield tag="999" ind1=" " ind2=" ">
    <subfield code="c">342626</subfield>
    <subfield code="d">342626</subfield>
  </datafield>
  <controlfield tag="003">OSt</controlfield>
  <controlfield tag="008">180925b           ||||| |||| 00| 0 eng d</controlfield>
  <datafield tag="082" ind1=" " ind2=" ">
    <subfield code="a">631.587</subfield>
    <subfield code="b">ANJ/GR</subfield>
  </datafield>
  <datafield tag="100" ind1=" " ind2=" ">
    <subfield code="a">Anjali E.J</subfield>
    <subfield code="a">Lekshmi N Kurup</subfield>
    <subfield code="a">Megha A.S</subfield>
    <subfield code="9">3341</subfield>
  </datafield>
  <datafield tag="245" ind1=" " ind2=" ">
    <subfield code="a">Groundwater flow modelling using visual modflow and studies on the effect of saline water intrusion in thavanur</subfield>
  </datafield>
  <datafield tag="260" ind1=" " ind2=" ">
    <subfield code="a">Thavanur</subfield>
    <subfield code="b">Department of irrigation and drainage engineering</subfield>
    <subfield code="c">2018</subfield>
  </datafield>
  <datafield tag="300" ind1=" " ind2=" ">
    <subfield code="a">xvi, 65</subfield>
    <subfield code="e">CD</subfield>
  </datafield>
  <datafield tag="700" ind1=" " ind2=" ">
    <subfield code="a">Sasikala D (Guide)</subfield>
    <subfield code="9">3225</subfield>
  </datafield>
  <datafield tag="856" ind1=" " ind2=" ">
    <subfield code="u">https://drive.google.com/open?id=1ue7LHBrGYeZwSnLJJ42fRlanWipgGulc</subfield>
  </datafield>
  <datafield tag="942" ind1=" " ind2=" ">
    <subfield code="c">PR</subfield>
  </datafield>
  <datafield tag="952" ind1=" " ind2=" ">
    <subfield code="0">0</subfield>
    <subfield code="1">0</subfield>
    <subfield code="4">0</subfield>
    <subfield code="7">0</subfield>
    <subfield code="a">KAUAET</subfield>
    <subfield code="b">KAUAET</subfield>
    <subfield code="d">2018-07-25</subfield>
    <subfield code="l">0</subfield>
    <subfield code="o">631.587 ANJ/GR</subfield>
    <subfield code="p">KAU_KCAEFT-P 413</subfield>
    <subfield code="r">2018-07-25 00:00:00</subfield>
    <subfield code="w">2018-07-25</subfield>
    <subfield code="y">PR</subfield>
  </datafield>
</record>
